[Event "Rottach Egern Seniors Cup 12th"]
[Site "Rottach Egern"]
[Date "2024.04.06"]
[Round "1"]
[White "Haefele, Torsten"]
[Black "Mueller, Erich2"]
[Result "1/2-1/2"]
[WhiteElo "1824"]
[BlackElo "2022"]
[PlyCount "77"]
[EventDate "2024.04.06"]
[EventType "swiss"]
[EventRounds "9"]
[EventCountry "GER"]
[SourceTitle "CB16_2024"]
[SourceDate "2024.04.17"]
[SourceVersion "1"]
[SourceVersionDate "2024.04.17"]
[SourceQuality "1"]

1. e4 c5 2. d4 cxd4 3. c3 Nf6 4. e5 Nd5 5. Bc4 Nb6 6. Bb3 d5 7. cxd4 Bf5 8. Nf3 Nc6 9. 0-0 e6 10. Nc3 Be7 11. a3 Rc8 12. Be3 Na5 13. Ba4+ Nxa4 14. Qxa4+ Nc6 15. b4 0-0 16. Rfc1 a6 17. Qd1 b5 18. Qe2 Nb8 19. Nd2 Nd7 20. Nb3 Nb6 21. Nc5 Nc4 22. Nxa6 Ra8 23. Nc5 Bxc5 24. dxc5 Qb8 25. Bd4 Rxa3 26. Rxa3 Nxa3 27. Qa2 Qa7 28. Ra1 Ra8 29. Qe2 Qb8 30. Nxb5 Nc2 31. Rxa8 Qxa8 32. Bc3 Qa2 33. Nd4 Qb1+ 34. Qf1 Qxf1+ 35. Kxf1 Nxd4 36. Bxd4 Bd3+ 37. Ke1 Bb5 38. Kd2 Kf8 39. Kc3 1/2-1/2

[Event "DSOL 05 Liga Gr-A 1st"]
[Site "Playchess.com INT"]
[Date "2020.07.24"]
[Round "5.2"]
[White "Brinckmann, Ulrich"]
[Black "Haefele, Torsten"]
[Result "1-0"]
[WhiteElo "1833"]
[BlackElo "1678"]
[PlyCount "89"]
[EventDate "2020.06.22"]
[EventType "team-tourn (rapid)"]
[EventCountry "GER"]
[SourceTitle "EXT 2021"]
[Source "ChessBase"]
[SourceDate "2020.10.23"]
[SourceVersion "1"]
[SourceVersionDate "2020.10.23"]
[SourceQuality "1"]
[WhiteTeam "Schwaikheim"]
[BlackTeam "Illingen"]
[WhiteTeamCountry "GER"]
[BlackTeamCountry "GER"]

1. d4 f5 2. e4 fxe4 3. Nc3 Nf6 4. Bg5 Nc6 5. d5 Ne5 6. Qd2 Nf7 7. Bh4 c6 8. Bc4 Nd6 9. Bb3 c5 10. Bg3 Nf5 11. 0-0-0 d6 12. Nh3 Bd7 13. Ng5 b5 14. a3 a5 15. Ncxe4 Nxe4 16. Nxe4 g6 17. Rde1 Qb6 18. Bf4 a4 19. Ba2 b4 20. g4 bxa3 21. bxa3 Nd4 22. Nxd6+ Kd8 23. Nf7+ Kc8 24. Nxh8 Bg7 25. Rxe7 Nf3 26. Qd3 Qb2+ 27. Kd1 Qa1+ 28. Ke2 Nd4+ 29. Kd2 Qxh1 30. Rxg7 Nf3+ 31. Ke2 Nd4+ 32. Kd2 Nf3+ 33. Ke3 Nd4 34. Bg3 Qf3+ 35. Kd2 Qxg4 36. Rg8+ Kb7 37. Rxa8 Bb5 38. Rb8+ Ka7 39. Rxb5 Qg5+ 40. f4 Qh5 41. Ra5+ Kb7 42. Qa6+ Kc7 43. f5+ Kd7 44. Qb7+ Kd8 45. Ra8# 1-0

[Event "Bad Wiessee Senioren Cup 8th"]
[Site "Bad Wiessee"]
[Date "2019.05.19"]
[Round "9"]
[White "Gousseinov, Aguif"]
[Black "Haefele, Torsten"]
[Result "1-0"]
[WhiteElo "1868"]
[BlackElo "1723"]
[PlyCount "103"]
[EventDate "2019.05.11"]
[EventType "swiss"]
[EventRounds "9"]
[EventCountry "GER"]
[SourceTitle "EXT 2020"]
[Source "ChessBase"]
[SourceDate "2019.10.17"]
[SourceVersion "1"]
[SourceVersionDate "2019.10.17"]
[SourceQuality "1"]

1. e4 e6 2. d4 d5 3. Nd2 h6 4. Bd3 c5 5. dxc5 Bxc5 6. Nb3 dxe4 7. Bb5+ Bd7 8. Bxd7+ Nxd7 9. Qg4 Qf6 10. Nxc5 Nxc5 11. Ne2 Ne7 12. Be3 Rc8 13. Bd4 e5 14. Bxc5 Rxc5 15. 0-0-0 Qg5+ 16. Qxg5 hxg5 17. h3 Rd5 18. Rxd5 Nxd5 19. Ng3 f6 20. Nxe4 Ke7 21. g3 b6 22. a3 g4 23. h4 f5 24. Rd1 Rd8 25. Ng5 g6 26. c4 Nf6 27. Rxd8 Kxd8 28. Nf7+ Ke8 29. Nxe5 Ne4 30. Nd3 Ke7 31. Kd1 Kd6 32. Ke2 a5 33. Ke3 a4 34. Kd4 Nc5 35. Nxc5 bxc5+ 36. Kc3 Kc6 37. b4 axb3 38. Kxb3 Kb6 39. Kc3 Ka5 40. Kd3 Ka4 41. Ke3 Kxa3 42. Kf4 Kb4 43. Kg5 Kxc4 44. Kxg6 Kd3 45. h5 c4 46. h6 c3 47. h7 c2 48. h8Q c1Q 49. Qe5 Qc6+ 50. Kg5 Qc1+ 51. Qf4 Qc3 52. Qe3+ 1-0

[Event "Baden-ch U1700"]
[Site "Walldorf"]
[Date "2017.07.29"]
[Round "5"]
[White "Haefele, Torsten"]
[Black "Herzog, Manfred"]
[Result "1-0"]
[WhiteElo "1712"]
[BlackElo "1830"]
[PlyCount "121"]
[EventDate "2017.07.26"]
[EventType "swiss"]
[EventRounds "7"]
[EventCountry "GER"]
[SourceTitle "EXT 2018"]
[Source "ChessBase"]
[SourceDate "2017.10.13"]
[SourceVersion "1"]
[SourceVersionDate "2017.10.13"]
[SourceQuality "1"]

1. e4 g6 2. Nc3 Bg7 3. f4 d6 4. Nf3 Nf6 5. Bb5+ c6 6. Be2 0-0 7. 0-0 b5 8. a3 a6 9. h3 Nh5 10. d3 Bh6 11. Ng5 Ng3 12. Rf2 Nxe2+ 13. Qxe2 e5 14. g3 Bg7 15. Kh2 h6 16. Nf3 Qd7 17. Ng1 exf4 18. Bxf4 Bd4 19. Bxh6 Bxf2 20. Qxf2 Qe7 21. Bxf8 Kxf8 22. Rf1 Be6 23. Qf6 Qxf6 24. Rxf6 Nd7 25. Rf2 Kg7 26. Nf3 a5 27. Nd4 Ne5 28. Nxe6+ fxe6 29. b4 axb4 30. axb4 Ra3 31. Ne2 Ra2 32. Nd4 Nxd3 33. Nxe6+ Kh6 34. Rg2 Nxb4 35. Nd4 Ra6 36. g4 Rb6 37. Kg3 c5 38. Nb3 Nc6 39. Kf4 c4 40. Nd2 g5+ 41. Ke3 Ra6 42. c3 Ra3 43. Nb1 Rb3 44. Rd2 Ne7 45. Rxd6+ Ng6 46. Rd1 Ne5 47. Rf1 b4 48. Kd4 bxc3 49. Nxc3 Nc6+ 50. Kxc4 Na5+ 51. Kd3 Kg6 52. Rb1 Rxb1 53. Nxb1 Kf6 54. Kd4 Nc6+ 55. Ke3 Ke6 56. Nd2 Ne7 57. Nf3 Kf6 58. e5+ Kg6 59. Ke4 Kh6 60. Nd4 Kg7 61. Nf5+ 1-0

[Event "Baden-ch U1700"]
[Site "Walldorf"]
[Date "2017.07.28"]
[Round "4"]
[White "Steiner, Kevin"]
[Black "Haefele, Torsten"]
[Result "0-1"]
[WhiteElo "1527"]
[BlackElo "1712"]
[PlyCount "64"]
[EventDate "2017.07.26"]
[EventType "swiss"]
[EventRounds "7"]
[EventCountry "GER"]
[SourceTitle "EXT 2018"]
[Source "ChessBase"]
[SourceDate "2017.10.13"]
[SourceVersion "1"]
[SourceVersionDate "2017.10.13"]
[SourceQuality "1"]

1. e4 e6 2. d4 d5 3. exd5 exd5 4. Nf3 Bd6 5. c4 c6 6. Nc3 Ne7 7. Bd3 dxc4 8. Bxc4 Bf5 9. Qb3 0-0 10. Qxb7 Nd7 11. Qb3 Nb6 12. Be2 Rb8 13. Qd1 Qc7 14. 0-0 Rfd8 15. Bd3 Bg4 16. Bxh7+ Kh8 17. Bd3 Bxh2+ 18. Kh1 Rxd4 19. Ne2 Bxf3 20. gxf3 Rh4 21. Kg2 Qd7 22. Nf4 Nbd5 23. Rh1 Nxf4+ 24. Kf1 Qxd3+ 25. Qxd3 Nxd3 26. Bg5 Rh7 27. Rd1 f6 28. Rxd3 fxg5 29. Kg2 Bf4 30. Rhd1 Rh2+ 31. Kg1 Rxb2 32. Rf1 Nd5 0-1

[Event "Baden-ch U1700"]
[Site "Walldorf"]
[Date "2017.07.27"]
[Round "2"]
[White "Backhaus, Eric"]
[Black "Haefele, Torsten"]
[Result "0-1"]
[WhiteElo "1566"]
[BlackElo "1712"]
[PlyCount "96"]
[EventDate "2017.07.26"]
[EventType "swiss"]
[EventRounds "7"]
[EventCountry "GER"]
[SourceTitle "EXT 2018"]
[Source "ChessBase"]
[SourceDate "2017.10.13"]
[SourceVersion "1"]
[SourceVersionDate "2017.10.13"]
[SourceQuality "1"]

1. c4 f5 2. g3 g6 3. Nf3 Nf6 4. Bg2 Bg7 5. Nc3 0-0 6. 0-0 d6 7. d4 c6 8. Bg5 Qc7 9. d5 e5 10. dxc6 bxc6 11. Qd2 Be6 12. b3 Na6 13. Bh6 Rad8 14. Bxg7 Kxg7 15. Ng5 Bc8 16. Rfd1 h6 17. Nf3 Nc5 18. Qb2 Kh7 19. Rac1 Ne6 20. b4 Bb7 21. b5 c5 22. a4 e4 23. Ne1 Qe7 24. Nc2 f4 25. Nd5 Nxd5 26. cxd5 Ng7 27. gxf4 Rxf4 28. e3 Rf5 29. Qa2 Rdf8 30. Rd2 Rg5 31. Kh1 Qe5 32. Rcd1 Nf5 33. Ne1 Nh4 34. Qb2 Qf5 35. Qc2 Nxg2 36. Nxg2 Qf3 37. Rg1 Bc8 38. Qd1 Qh3 39. Nf4 Rxg1+ 40. Kxg1 Qh4 41. Ne6 Rf3 42. Qf1 Bxe6 43. dxe6 Qg4+ 44. Kh1 Qxe6 45. Qd1 Rf6 46. a5 Qc4 47. Rxd6 Rxd6 48. Qxd6 Qf1# 0-1

[Event "Stuttgart-chB int"]
[Site "Ditzingen"]
[Date "2010.05.13"]
[Round "1"]
[White "Haefele, Torsten"]
[Black "Hartmann, Lorenz"]
[Result "0-1"]
[WhiteElo "1640"]
[BlackElo "1860"]
[PlyCount "84"]
[EventDate "2010.05.13"]
[EventType "swiss"]
[EventRounds "7"]
[EventCountry "GER"]
[SourceTitle "EXT 2018"]
[Source "ChessBase"]
[SourceDate "2017.10.13"]
[SourceVersion "1"]
[SourceVersionDate "2017.10.13"]
[SourceQuality "1"]

1. e4 d6 2. Nf3 Nf6 3. Nc3 g6 4. d4 Bg7 5. h3 c5 6. dxc5 Qa5 7. Bd2 Qxc5 8. Bd3 0-0 9. 0-0 a6 10. Be3 Qc7 11. Qd2 b5 12. Bh6 Bb7 13. Bxg7 Kxg7 14. a3 Nbd7 15. Rfe1 Nc5 16. Rac1 Rac8 17. Qe3 Ne6 18. e5 dxe5 19. Qxe5 Bxf3 20. Qxc7 Rxc7 21. gxf3 Nf4 22. Bf1 Rd8 23. Rcd1 Rxd1 24. Rxd1 Rd7 25. Rxd7 Nxd7 26. Kh2 Ne5 27. Kg3 Nh5+ 28. Kg2 Nf4+ 29. Kg3 Ne6 30. f4 Nc6 31. Nxb5 axb5 32. Bxb5 Ned4 33. Bxc6 Nxc6 34. b4 Kf6 35. c4 Ke6 36. b5 Nd4 37. a4 Nb3 38. c5 Nxc5 39. a5 Ne4+ 40. Kf3 Nd2+ 41. Ke2 Nc4 42. a6 Nb6 0-1